header

Character development in blender 2.5 (Record no. 119697)

MARC details
000 -LEADER
fixed length control field 01210nam a2200313Ia 4500
100 1# - MAIN ENTRY--AUTHOR NAME
Personal name Williamson, Jonathan Carter.
245 10 - TITLE STATEMENT
Title Character development in blender 2.5
260 ## - PUBLICATION, DISTRIBUTION, ETC. (IMPRINT)
Place of publication Boston, MA :
Name of publisher Cengage Learning,
Year of publication 2011.
300 ## - PHYSICAL DESCRIPTION
Number of Pages xvi, 473 p. :
Other physical details ill.
500 ## - GENERAL NOTE
General note Includes index.
650 #0 - SUBJECT ADDED ENTRY--TOPICAL TERM
Topical Term Programming languages (Electronic computers)
Topical Term Electronic data processing.
856 40 - ELECTRONIC LOCATION AND ACCESS
Uniform Resource Identifier http://site.ebrary.com/lib/rucke/Doc?id=10478406

No items available.

© 2026 Rongo University
Contact us: librarian | system librarian | Rongo university